|
|
|
|
| LEADER |
01098nab#a2200373#ar4500 |
| 001 |
000000439 |
| 003 |
SVKKK |
| 005 |
00000000000000.0 |
| 008 |
c xo e czeo |
| FMT |
|
|
|
| 038 |
|
|
|a SVKKK
|
| 040 |
|
|
|a SVKKK
|b slo
|e AACR2
|
| 041 |
0 |
|
|a cze
|
| 044 |
|
|
|a xo
|c SK
|
| 080 |
|
|
|a 5
|2 1981
|
| 080 |
|
|
|a 54
|2 1981
|
| 080 |
|
|
|a 903-03(437.1/.3
|2 1981
|
| 090 |
|
|
|a k recenzovanému dielu: 94s.
|
| 100 |
1 |
|
|a Kukal, Zdeněk
|4 aut
|
| 245 |
1 |
0 |
|a J. Helšus - A. Hluštík : Kamenné otazníky aneb megality v Čechách
|c Kukal Zdeněk,
|
| 650 |
0 |
4 |
|a geológia
|
| 650 |
0 |
4 |
|a megality
|
| 650 |
0 |
4 |
|a mineralógia
|
| 650 |
0 |
4 |
|a monografia
|x recenzie knižné
|
| 650 |
0 |
4 |
|a výskum petrografický a archeologický
|
| 650 |
0 |
4 |
|a zloženie
|
| 773 |
0 |
|
|t Časopis pro mineralogii a geologii
|x 0008-7378
|g Roč. 37, č. 1(1992), s. 134
|
| 787 |
0 |
8 |
|i Recenze na:
|a Helšus, J.
|t Kamenné otazníky aneb megality v Čechách
|d Praha : Svojtka a Vašut, 1991
|x 0008-7378
|
| 958 |
|
|
|a NP
|
| 974 |
|
|
|d 941123
|a 245ͥ
|
| 992 |
|
|
|a RBX
|
| BAS |
|
|
|
| 852 |
|
|
|a SVKKK
|b BIB
|
| 998 |
|
|
|a GEO
|